[Event "Madrid-ch Previa-A"]
[Site "Madrid"]
[Date "2017.02.21"]
[Round "8"]
[White "Saber, Salah"]
[Black "Suarez Arellano, Jorge"]
[Result "1-0"]
[WhiteElo "1783"]
[BlackElo "1518"]
[PlyCount "113"]
[EventDate "2017.02.06"]
[EventType "swiss"]
[EventRounds "9"]
[EventCountry "ESP"]
[SourceTitle "CBM 177 Extra"]
[Source "ChessBase"]
[SourceDate "2017.04.27"]
[SourceVersion "1"]
[SourceVersionDate "2017.04.27"]
[SourceQuality "1"]

1. d4 Nf6 2. c4 g6 3. Nc3 Bg7 4. e4 d6 5. f4 0-0 6. Nf3 c5 7. d5 e6 8. Be2 a6 9. 0-0 Re8 10. Bd3 exd5 11. cxd5 c4 12. Bc2 Qb6+ 13. Kh1 Bg4 14. h3 Bxf3 15. Qxf3 Nbd7 16. Na4 Qc7 17. Be3 b5 18. Nc3 Nc5 19. a3 Re7 20. Bd4 Rae8 21. Rae1 Nd3 22. Bxd3 cxd3 23. Qxd3 Qc4 24. Qxc4 bxc4 25. e5 Nh5 26. Rf3 dxe5 27. fxe5 Bxe5 28. Bxe5 Rxe5 29. Rxe5 Rxe5 30. g4 Ng7 31. Rf4 Ne8 32. Rxc4 Nd6 33. Rc6 Nb5 34. d6 Nxc3 35. bxc3 Rd5 36. Rxa6 Kf8 37. c4 Rd2 38. c5 Ke8 39. Ra7 h5 40. gxh5 gxh5 41. Re7+ Kf8 42. Re5 h4 43. a4 f6 44. Re1 f5 45. Re5 f4 46. Rf5+ Ke8 47. Rxf4 Kd7 48. Rf7+ Ke8 49. Rh7 Rd5 50. Rc7 Kd8 51. a5 Rd1+ 52. Kg2 Ra1 53. c6 Rxa5 54. Rh7 Ra2+ 55. Kf3 Ra3+ 56. Ke4 Ra4+ 57. Ke5 1-0

[Event "Madrid-ch Previa-A"]
[Site "Madrid"]
[Date "2017.02.14"]
[Round "5"]
[White "De La Fuente Ebro, Miguel Angel"]
[Black "Saber, Salah"]
[Result "1/2-1/2"]
[WhiteElo "1712"]
[BlackElo "1783"]
[PlyCount "55"]
[EventDate "2017.02.06"]
[EventType "swiss"]
[EventRounds "9"]
[EventCountry "ESP"]
[SourceTitle "CBM 177 Extra"]
[Source "ChessBase"]
[SourceDate "2017.04.27"]
[SourceVersion "1"]
[SourceVersionDate "2017.04.27"]
[SourceQuality "1"]

1. d4 Nf6 2. c4 c6 3. Nc3 d5 4. e3 e6 5. Nf3 Bd6 6. Bd3 Nbd7 7. 0-0 Qe7 8. Qc2 0-0 9. b3 Re8 10. cxd5 exd5 11. Bb2 Nf8 12. h3 h6 13. Rac1 Be6 14. Rfd1 Qd7 15. Ne5 Qc8 16. f4 Bxe5 17. fxe5 N6h7 18. Qf2 Qd8 19. Rf1 Qg5 20. Kh2 Ng6 21. Ne2 Nhf8 22. Nf4 Bf5 23. Bxf5 Qxf5 24. Qg3 Qg5 25. Qxg5 hxg5 26. Nxg6 Nxg6 27. Rf3 g4 28. hxg4 1/2-1/2

[Event "Madrid-ch"]
[Site "Madrid"]
[Date "2015.02.16"]
[Round "7"]
[White "Franco Rincon, David"]
[Black "Saber, Salah"]
[Result "0-1"]
[WhiteElo "1697"]
[BlackElo "1866"]
[PlyCount "138"]
[EventDate "2015.02.02"]
[EventType "swiss"]
[EventRounds "9"]
[EventCountry "ESP"]
[SourceTitle "CBM 164 Extra"]
[Source "ChessBase"]
[SourceDate "2015.03.02"]
[SourceVersion "1"]
[SourceVersionDate "2015.03.02"]
[SourceQuality "1"]

1. b4 a5 2. bxa5 Rxa5 3. Bb2 Nc6 4. e3 e5 5. Nf3 d6 6. d3 Nf6 7. Nbd2 Be7 8. Be2 Be6 9. a3 0-0 10. 0-0 Bd7 11. c4 h6 12. Qc2 b6 13. d4 exd4 14. exd4 d5 15. c5 bxc5 16. Nb3 Ra8 17. Nxc5 Be8 18. Rfb1 Bd6 19. Bd3 Ne7 20. Bc1 Nc8 21. Bd2 Bxc5 22. Qxc5 Ne4 23. Bxe4 dxe4 24. Bb4 Nd6 25. Nd2 Bb5 26. Re1 Re8 27. Rac1 Bd3 28. Qxc7 Nb5 29. Qf4 Nxd4 30. Rc7 Qd5 31. Qg4 Nc2 32. Rc5 Qe6 33. Qxe6 Rxe6 34. Rc1 Nd4 35. Rc8+ Re8 36. Rxa8 Rxa8 37. Rc5 Nc2 38. Rc3 Nxb4 39. Nxe4 Bxe4 40. f3 Nd5 41. Rc5 Rxa3 42. fxe4 Nf4 43. Rc4 Ra2 44. g3 Nh3+ 45. Kh1 Re2 46. Rc8+ Kh7 47. Re8 Rxe4 48. Rb8 Re2 49. g4 Nf2+ 50. Kg2 Nxg4+ 51. Kf3 Rxh2 52. Kxg4 Ra2 53. Rb7 Ra4+ 54. Kf5 Ra5+ 55. Kg4 Kg6 56. Rb6+ f6 57. Rb4 Rg5+ 58. Kh3 Rg1 59. Kh2 Re1 60. Kg2 f5 61. Kf2 Re4 62. Rb6+ Kg5 63. Kg2 g6 64. Rd6 h5 65. Rd3 f4 66. Rd5+ Kg4 67. Rd2 g5 68. Kh2 f3 69. Kg1 Re1+ 0-1

[Event "Madrid-ch"]
[Site "Madrid"]
[Date "2015.02.09"]
[Round "4"]
[White "Saber, Salah"]
[Black "Santamaria Baeza, Adolfo"]
[Result "1-0"]
[WhiteElo "1866"]
[BlackElo "1892"]
[PlyCount "87"]
[EventDate "2015.02.02"]
[EventType "swiss"]
[EventRounds "9"]
[EventCountry "ESP"]
[SourceTitle "CBM 164 Extra"]
[Source "ChessBase"]
[SourceDate "2015.03.02"]
[SourceVersion "1"]
[SourceVersionDate "2015.03.02"]
[SourceQuality "1"]

1. e4 e5 2. Nf3 Nc6 3. Nc3 Nge7 4. Bc4 Ng6 5. a3 Bc5 6. d3 h6 7. h3 Nd4 8. Na4 d6 9. Nxc5 dxc5 10. Be3 Qe7 11. c3 Ne6 12. g3 c6 13. b4 cxb4 14. axb4 b5 15. Bb3 a6 16. h4 Nd8 17. h5 Nf8 18. Nh4 Nh7 19. Qe2 Nb7 20. f3 a5 21. bxa5 Rxa5 22. 0-0 Nf6 23. g4 Nxh5 24. Qh2 Rxa1 25. Rxa1 Nf4 26. Ra8 Nd6 27. Bxf4 Qb7 28. Qa2 exf4 29. e5 g5 30. exd6 gxh4 31. Bxf7+ Kf8 32. Be6 Qb6+ 33. Kg2 Kg7 34. Rxc8 Rxc8 35. Bxc8 Qe3 36. g5 Qc5 37. gxh6+ Kxh6 38. Qe6+ Kg7 39. Qe7+ Kg6 40. Qe6+ Kg7 41. Qg4+ Kh8 42. Qxh4+ Kg7 43. Qg4+ Kh8 44. Be6 1-0

[Event "Madrid-ch Previa-A"]
[Site "Madrid"]
[Date "2014.02.19"]
[Round "9"]
[White "Cano Mercado, Francisco Manuel"]
[Black "Saber, Salah"]
[Result "1/2-1/2"]
[WhiteElo "1863"]
[BlackElo "1845"]
[PlyCount "78"]
[EventDate "2014.02.03"]
[EventType "swiss"]
[EventRounds "9"]
[EventCountry "ESP"]
[SourceTitle "EXT 2015"]
[Source "ChessBase"]
[SourceDate "2014.11.20"]
[SourceVersion "1"]
[SourceVersionDate "2014.11.20"]
[SourceQuality "1"]

1. d4 d5 2. c4 Nf6 3. cxd5 Qxd5 4. Nc3 Qa5 5. Nf3 c6 6. Qc2 g6 7. Bd2 Bg7 8. e4 Bg4 9. Ne5 Qb6 10. h3 Bc8 11. Be3 Qd8 12. Bc4 0-0 13. Qb3 e6 14. a4 Nbd7 15. Nxd7 Qxd7 16. Rd1 Qe7 17. a5 Qc7 18. Qa2 Bd7 19. 0-0 b5 20. e5 Nd5 21. Nxd5 exd5 22. Bd3 Qc8 23. Kh2 Be6 24. Rc1 Qd7 25. Bd2 a6 26. Bb4 Rfe8 27. Rc2 Rac8 28. f4 Bf5 29. Qb3 Bf8 30. Bc5 Bxc5 31. Rxc5 Qe6 32. Qc2 Bxd3 33. Qxd3 f5 34. b4 Re7 35. Qg3 Kg7 36. Rf3 h6 37. Rfc3 Rec7 38. Qh4 Rf8 39. Qg3 Rfc8 1/2-1/2

[Event "Madrid-ch Previa-A"]
[Site "Madrid"]
[Date "2013.02.20"]
[Round "9"]
[White "Saber, Salah"]
[Black "Martin Consuegra, Barrilero Javier"]
[Result "1/2-1/2"]
[WhiteElo "1844"]
[BlackElo "1883"]
[PlyCount "72"]
[EventDate "2013.02.04"]
[EventType "swiss"]
[EventRounds "9"]
[EventCountry "ESP"]
[SourceTitle "EXT 2018"]
[Source "ChessBase"]
[SourceDate "2017.10.13"]
[SourceVersion "1"]
[SourceVersionDate "2017.10.13"]
[SourceQuality "1"]

1. e4 d6 2. d4 Nf6 3. Bd3 e5 4. d5 Be7 5. Ne2 c6 6. c4 a5 7. a4 Na6 8. Nbc3 Nc5 9. Bc2 0-0 10. 0-0 Bg4 11. f3 Bh5 12. Ng3 Rc8 13. Be3 cxd5 14. cxd5 Bg6 15. Rc1 Qb6 16. Rb1 Rfe8 17. Bd3 Nfd7 18. Bb5 Qd8 19. Qe2 Rf8 20. Na2 Nb3 21. Qf2 Ndc5 22. Nc1 Nd4 23. Bxd4 exd4 24. Qxd4 Bf6 25. Qf2 Qe7 26. Nce2 Nb3 27. Rfd1 Rc2 28. Qe3 Nc5 29. b4 axb4 30. Rxb4 Ra8 31. Nd4 Ra2 32. Ndf5 Bxf5 33. Nxf5 Qd8 34. Qf4 Be5 35. Qg4 Qb6 36. Kh1 R2xa4 1/2-1/2

[Event "Madrid-ch Previa-A"]
[Site "Madrid"]
[Date "2013.02.19"]
[Round "8"]
[White "Santamaria Baeza, Adolfo"]
[Black "Saber, Salah"]
[Result "1/2-1/2"]
[WhiteElo "1873"]
[BlackElo "1844"]
[PlyCount "152"]
[EventDate "2013.02.04"]
[EventType "swiss"]
[EventRounds "9"]
[EventCountry "ESP"]
[SourceTitle "EXT 2015"]
[Source "ChessBase"]
[SourceDate "2014.11.20"]
[SourceVersion "1"]
[SourceVersionDate "2014.11.20"]
[SourceQuality "1"]

1. e4 d6 2. d4 Nf6 3. Nc3 e6 4. Bd3 Nbd7 5. Nf3 c6 6. 0-0 Be7 7. Re1 e5 8. b3 exd4 9. Nxd4 Ne5 10. Nf5 Bxf5 11. exf5 0-0 12. Bb2 Nfg4 13. Ne4 d5 14. Bxe5 Nxe5 15. Ng3 f6 16. Bf1 Bc5 17. Qh5 Qb6 18. Re2 Rae8 19. c4 Nf7 20. Rae1 Bxf2+ 21. Rxf2 Rxe1 22. cxd5 cxd5 23. Qf3 Rd8 24. h4 Qe3 25. Kh2 Ne5 26. Qxe3 Rxe3 27. Rd2 a6 28. Be2 b5 29. Nf1 Rc3 30. Ng3 g6 31. Ne4 Rc6 32. g4 Kf7 33. fxg6+ hxg6 34. g5 fxg5 35. Nxg5+ Kg7 36. Kg3 Nf7 37. Nf3 Rc3 38. Kf4 Kf6 39. Bd3 Rdc8 40. Bf1 Rd8 41. Bd3 Re8 42. Bb1 Rc1 43. Bc2 Ne5 44. Bd1 Nxf3 45. Bxf3 Rd8 46. Rd4 Rf1 47. a4 Ke6 48. Kg3 Ke5 49. axb5 axb5 50. Rb4 Rd6 51. Rg4 Rg1+ 52. Bg2 Rb1 53. Rg5+ Kf6 54. Bxd5 Rd8 55. Kf2 Rxd5 56. Rxd5 Rxb3 57. Rd4 Ke5 58. Rg4 Kf5 59. Rg5+ Kf6 60. Rc5 Rb4 61. h5 gxh5 62. Rxh5 Ke6 63. Ke3 Kd6 64. Kd3 Kc6 65. Rh6+ Kc5 66. Rh5+ Kb6 67. Kc3 Rg4 68. Rh8 Rc4+ 69. Kb3 Rg4 70. Rb8+ Ka6 71. Kc3 Rh4 72. Kb3 Ka5 73. Ra8+ Kb6 74. Rb8+ Kc5 75. Rc8+ Kb6 76. Rb8+ Ka5 1/2-1/2

[Event "Madrid-ch Previa-A"]
[Site "Madrid"]
[Date "2013.02.12"]
[Round "5"]
[White "Cisneros Rodriguez, Amick"]
[Black "Saber, Salah"]
[Result "0-1"]
[WhiteElo "1789"]
[BlackElo "1844"]
[PlyCount "114"]
[EventDate "2013.02.04"]
[EventType "swiss"]
[EventRounds "9"]
[EventCountry "ESP"]
[SourceTitle "EXT 2015"]
[Source "ChessBase"]
[SourceDate "2014.11.20"]
[SourceVersion "1"]
[SourceVersionDate "2014.11.20"]
[SourceQuality "1"]

1. e4 Nc6 2. d4 d5 3. e5 Bf5 4. c3 e6 5. Nf3 Be7 6. Bd3 Bg6 7. h4 Bh5 8. Bg5 h6 9. Bxe7 Ngxe7 10. Nbd2 Bg6 11. Qc2 a6 12. Bxg6 Nxg6 13. g3 Qd7 14. Nb3 b6 15. 0-0-0 a5 16. a4 Na7 17. Kd2 Qxa4 18. Ke1 Qb5 19. Ra1 Qd7 20. Nc1 Nc6 21. Nd3 Nd8 22. h5 Ne7 23. Rh4 Nb7 24. Rg4 g5 25. hxg6 fxg6 26. Nf4 g5 27. Nh5 0-0-0 28. Nf6 Qc6 29. b4 Kb8 30. bxa5 Nxa5 31. Nd2 Nf5 32. Qb2 Qb7 33. Qb5 c6 34. Qb4 Kc7 35. c4 dxc4 36. Nxc4 Nxc4 37. Qxc4 Kb8 38. Re4 h5 39. Rc1 h4 40. g4 Ne7 41. Nh5 Rd5 42. Re3 Rhd8 43. Rd3 c5 44. Rcd1 b5 45. Qa2 c4 46. Ra3 Rxd4 47. Ra1 Qh1+ 48. Ke2 Re4+ 49. Re3 Rxe3+ 50. Kxe3 Rd3+ 51. Ke2 Qf3+ 52. Ke1 Qb7 53. Qa5 Nc6 54. Qa2 Nxe5 55. Qb2 c3 56. Qb4 Re3+ 57. Kd1 Qd5+ 0-1

[Event "Tres Cantos op 4th"]
[Site "Tres Cantos"]
[Date "2012.06.28"]
[Round "8"]
[White "Blanco Fuente, Carlos"]
[Black "Saber, Salah"]
[Result "1-0"]
[WhiteElo "1658"]
[BlackElo "1929"]
[PlyCount "82"]
[EventDate "2012.06.21"]
[EventType "swiss"]
[EventRounds "9"]
[EventCountry "ESP"]
[SourceTitle "CBM 149 Extra"]
[Source "ChessBase"]
[SourceDate "2012.08.24"]
[SourceVersion "1"]
[SourceVersionDate "2012.08.24"]
[SourceQuality "1"]

1. b3 e5 2. Bb2 Nc6 3. e3 d5 4. Bb5 Bd6 5. f4 Qe7 6. Nf3 Bg4 7. Bxc6+ bxc6 8. fxe5 Bxe5 9. Bxe5 Bxf3 10. Qxf3 Qxe5 11. d4 Qg5 12. 0-0 Nf6 13. Nd2 0-0 14. Qf4 Qxf4 15. exf4 Rfe8 16. h3 Re2 17. Rf2 Rae8 18. Kf1 R2e3 19. Kg1 Rc3 20. Rc1 Ne4 21. Re2 f5 22. Nxe4 fxe4 23. Kf2 Kf7 24. Re3 Rxe3 25. Kxe3 Ke6 26. c4 Kd6 27. g4 Rb8 28. f5 h6 29. h4 Rf8 30. h5 Rb8 31. Kf4 Ra8 32. g5 Rf8 33. Rg1 Ke7 34. Rc1 Kd6 35. gxh6 gxh6 36. Rg1 Rf6 37. Rg7 c5 38. dxc5+ Kxc5 39. Rxc7+ Kd4 40. Rd7 e3 41. Rxd5+ Kc3 1-0